[Event "Challenge"]
[Site "http://www.queenalice.com/game.php?id=114236"]
[Date "2006.10.7"]
[Round "-"]
[White "Prizinha"]
[Black "leorsantos"]
[Result "1-0"]
[WhiteElo "1300"]
[BlackElo "1012"]

1. d4 Nf6 2. Qd3 Nc6 3. Nf3 e6 4. h4 Bd6 5. Bg5 Nb4 6. Qe3 Nbd5 7. Qb3 Nb4 8.
Nbd2 h6 9. Bxf6 Qxf6 10. c3 Nd5 11. e4 Nb6 12. a4 O-O 13. e5 Bxe5 14. dxe5 Qe7
15. c4 c5 16. g3 d5 17. Bd3 Bd7 18. Bc2 Nxc4 19. Qd3 Na5 20. Qh7# 1-0

[Event "Challenge"]
[Site "http://www.queenalice.com/game.php?id=114293"]
[Date "2006.10.7"]
[Round "-"]
[White "Prizinha"]
[Black "Swannies"]
[Result "0-1"]
[WhiteElo "1388"]
[BlackElo "1221"]

1. d4 d5 2. Nc3 e5 3. Nf3 e4 4. Ne5 c6 5. f4 exf3 6. gxf3 g6 7. Qd3 Qh4+ 8. Kd2
Bh6+ 9. f4 Bxf4+ 10. Kd1 Bxh2 11. Be3 Qg3 12. a4 b5 13. b4 f6 14. Nf3 Nd7 15.
Nxh2 Nb6 16. Nf3 Nc4 17. Rg1 Qb8 0-1

[Event "Challenge"]
[Site "http://www.queenalice.com/game.php?id=114390"]
[Date "2006.10.7"]
[Round "-"]
[White "Prizinha"]
[Black "CampbellMarcel"]
[Result "0-1"]
[WhiteElo "1331"]
[BlackElo "1608"]

1. d4 e5 2. d5 d6 3. a4 a5 4. Ra3 b6 5. h4 Nf6 6. c3 Be7 7. Qb3 O-O 8. c4 Ne4 9.
Qe3 f5 10. Nf3 Ba6 11. b3 Rf6 12. g3 c6 13. Nbd2 Nxd2 14. Bxd2 c5 15. Rg1 Rg6
16. Ng5 Bxg5 17. Qf3 Bxd2+ 18. Kxd2 e4 19. Qxf5 Qe7 20. Bg2 Rf6 21. Qh5 Rxf2 22.
Bh3 e3+ 0-1

[Event "Challenge"]
[Site "http://www.queenalice.com/game.php?id=114408"]
[Date "2006.10.7"]
[Round "-"]
[White "Prizinha"]
[Black "AAmorim"]
[Result "0-1"]
[WhiteElo "1327"]
[BlackElo "1485"]

1. a4 d5 2. d4 Nc6 3. h4 Bf5 4. g3 e6 5. Nc3 Bb4 6. Nf3 Bxc3+ 7. bxc3 Be4 8. Bh3
Bxf3 9. exf3 Nf6 10. f4 O-O 11. O-O Ne4 12. Bb2 Na5 13. f3 Nxg3 14. Re1 Qxh4 15.
Kg2 Qxf4 16. Bc1 Qd6 17. Rb1 Nf5 18. f4 Nc4 19. Rh1 Nfe3+ 20. Kg3 Nxd1 21. Rxd1
Rfe8 22. Rh1 f6 23. Bg2 e5 24. dxe5 fxe5 25. Rh4 exf4+ 26. Bxf4 Qg6+ 27. Kh2 Re2
28. Rg1 Qxc2 29. Kh3 Qf5+ 30. Kg3 Ne5 31. Rf1 Ng6 32. Rh3 Nxf4 33. Bxd5+ Qxd5
34. Kxf4 Rf8+ 35. Kg4 Rxf1 36. Rd3 Rg2+ 37. Kh3 Qg5 38. Rd4 Rh1# 0-1

[Event "Challenge"]
[Site "http://www.queenalice.com/game.php?id=114555"]
[Date "2006.10.7"]
[Round "-"]
[White "Rika"]
[Black "Prizinha"]
[Result "1-0"]
[WhiteElo "1466"]
[BlackElo "1316"]

1. e4 d6 2. Nf3 a5 3. d4 h5 4. c4 Nf6 5. Bg5 Nxe4 6. Qc2 f5 7. Bd3 Nc6 8. Bxe4
g6 9. Bxc6+ bxc6 10. Nc3 Qd7 11. O-O Bg7 12. Rae1 e6 13. d5 cxd5 14. cxd5 e5 15.
Nh4 c5 16. Nxg6 Rh7 17. f4 Rb8 18. fxe5 dxe5 19. Rxe5+ Bxe5 20. Nxe5 Qd6 21. Nc6
Ra8 22. Qe2+ Kf8 23. Re1 Bb7 24. Be7+ Rxe7 25. Nxe7 Re8 26. Nxf5 Qd7 27. Qf2 Ba6
28. Nd6+ Kg7 29. Nxe8+ Kg8 30. Nf6+ Kg7 31. Nxd7 Bd3 32. Qf6+ Kg8 33. Qg6+ Kh8
34. Re8# 1-0

[Event "Challenge"]
[Site "http://www.queenalice.com/game.php?id=114568"]
[Date "2006.10.7"]
[Round "-"]
[White "helberweslley"]
[Black "Prizinha"]
[Result "0-1"]
[WhiteElo "1195"]
[BlackElo "1227"]

1. d4 Nc6 2. d5 Na5 3. b4 Nc4 4. e4 b5 5. Bxc4 e5 6. Bxb5 Nf6 7. Qd3 Bd6 8. a3
Bb7 9. c4 c5 10. Bg5 cxb4 0-1

[Event "Challenge"]
[Site "http://www.queenalice.com/game.php?id=114688"]
[Date "2006.10.8"]
[Round "-"]
[White "Prizinha"]
[Black "edermachado"]
[Result "1-0"]
[WhiteElo "1310"]
[BlackElo "1196"]

1. d4 d5 2. Nc3 e6 3. e3 f6 4. g3 Bb4 5. Nf3 Nh6 6. Bh3 Na6 7. Nh4 e5 8. g4 Nxg4
9. Bxg4 f5 10. Bxf5 Bxf5 11. Nxf5 e4 12. Nxg7+ Kf8 13. Nh5 Rg8 14. a3 Ba5 15. h4
Rg2 16. Kf1 Rg6 17. b4 Bb6 18. Nf4 Rg4 19. Qxg4 Ke7 20. Ncxd5+ Kd6 21. c4 c6 22.
c5+ Bxc5 23. bxc5+ Nxc5 24. Qg7 Qb6 25. Nxb6 axb6 26. dxc5+ bxc5 27. Qxh7 Re8
28. Qh6+ Ke7 29. Rg1 Rd8 30. Rg7+ Ke8 31. Rb1 Rd1+ 32. Ke2 Rh1 33. Qh8# 1-0

[Event "AUTO-BEG-32"]
[Site "http://www.queenalice.com/game.php?id=116094"]
[Date "2006.10.12"]
[Round "1"]
[White "Ripper"]
[Black "Prizinha"]
[Result "0-1"]
[WhiteElo "1233"]
[BlackElo "1357"]

1. e4 e5 2. Nf3 d6 3. Bc4 Nc6 4. d3 Nf6 5. Ng5 Qd7 6. O-O b6 7. Nc3 a6 8. Be3
Ng4 9. h3 h6 10. Nf3 Nxe3 11. Qe2 Nxf1 12. Qxf1 g5 0-1

[Event "AUTO-BEG-32"]
[Site "http://www.queenalice.com/game.php?id=116095"]
[Date "2006.10.12"]
[Round "1"]
[White "Prizinha"]
[Black "Ripper"]
[Result "1-0"]
[WhiteElo "1100"]
[BlackElo "1208"]

1. e4 e5 2. Nf3 Nc6 3. c4 Bc5 4. d3 Nf6 5. Nc3 O-O 6. Be2 d6 7. g3 Ng4 8. O-O
Qf6 9. Nd5 Qh6 10. Bxh6 Nxf2 11. Rxf2 1-0

[Event "AUTO-BEG-32"]
[Site "http://www.queenalice.com/game.php?id=116118"]
[Date "2006.10.12"]
[Round "1"]
[White "Prizinha"]
[Black "DuckKiller"]
[Result "0-1"]
[WhiteElo "1337"]
[BlackElo "1304"]

1. e4 e5 2. Nf3 Nf6 3. d3 Bb4+ 4. c3 Bd6 5. b4 Qe7 6. Be3 O-O 7. Nfd2 a5 8. Nc4
axb4 9. Qf3 bxc3 10. Nxc3 Bb4 11. Rc1 d6 12. a3 Bxc3+ 13. Rxc3 Nc6 14. g3 Kh8
15. Bg5 Nd4 16. Qe3 b5 17. f3 bxc4 18. dxc4 Rxa3 19. Rxa3 Nc2+ 20. Kd2 Nxe3 21.
Kxe3 Ng4+ 22. Kd3 Qxg5 23. Ra8 Nf2+ 24. Kc3 Nxh1 25. Kb3 Qe3+ 26. Kb4 c5+ 27.
Kb5 Bd7+ 28. Kb6 Rxa8 29. Kb7 Qa3 30. Kc7 Qa7+ 31. Kxd6 f6 32. g4 Ba4 33. g5
Rd8+ 34. Ke6 Qd7# 0-1

[Event "AUTO-BEG-32"]
[Site "http://www.queenalice.com/game.php?id=116119"]
[Date "2006.10.12"]
[Round "1"]
[White "DuckKiller"]
[Black "Prizinha"]
[Result "1-0"]
[WhiteElo "1262"]
[BlackElo "1354"]

1. g3 e5 2. Bg2 Nc6 3. d3 Bb4+ 4. c3 Bd6 5. Nd2 Nf6 6. Ngf3 g6 7. Nb3 b6 8. d4
e4 9. Ng5 Na5 10. Nxa5 bxa5 11. Nxe4 Bb7 12. Nxd6+ cxd6 13. Bxb7 Rb8 14. Bg2 Qe7
15. O-O Rb5 16. e4 1-0

[Event "Challenge"]
[Site "http://www.queenalice.com/game.php?id=130082"]
[Date "2006.11.16"]
[Round "-"]
[White "lawyerplayer"]
[Black "Prizinha"]
[Result "1-0"]
[WhiteElo "1842"]
[BlackElo "1326"]

1. d4 d5 2. c4 e6 3. Nc3 Nc6 4. Bf4 b6 5. e3 g5 6. Bg3 h6 7. cxd5 exd5 8. Bb5
Ne7 9. Qf3 Qd7 10. Be5 Rg8 11. Bf6 Rg6 12. Bxe7 Bxe7 13. Nxd5 a6 14. Bd3 Rg7 15.
Nxe7 Qxe7 16. Qxc6+ Qd7 17. Qxa8 a5 18. Ne2 Ke7 19. Nc3 Qg4 20. Qe4+ Qxe4 21.
Bxe4 Bd7 22. Rc1 f5 23. Bd3 Kf8 24. Nd5 Be6 25. Nxc7 Bxa2 26. Bxf5 Bb3 27. Ne6+
Bxe6 28. Bxe6 b5 29. d5 Ke8 30. Rc8+ Ke7 31. Rc7+ Kf6 32. Rxg7 Kxg7 33. Ke2 a4
34. e4 Kf8 35. d6 Ke8 36. Rc1 Kf8 37. Rc8+ Kg7 38. d7 Kf6 39. Bf5 Ke5 40. d8=Q
b4 41. f4+ Kxf4 42. Qd6# 1-0

[Event "Desafio de Xadrez"]
[Site "http://www.queenalice.com/game.php?id=131078"]
[Date "2006.11.18"]
[Round "-"]
[White "Prizinha"]
[Black "Luke1416"]
[Result "0-1"]
[WhiteElo "1325"]
[BlackElo "1686"]

1. e4 e5 2. Nf3 d6 3. Bc4 Qe7 4. b3 Be6 5. d3 Bxc4 6. bxc4 Qe6 7. Nc3 Be7 8. Rb1
b6 9. a4 a5 10. Nd5 Ra7 11. Be3 Nf6 12. Ng5 Qd7 13. h4 O-O 14. c3 c6 15. Nxe7+
Qxe7 16. Qf3 Nbd7 17. h5 h6 18. d4 exd4 19. cxd4 c5 20. d5 Ne5 21. Qh3 Nxc4 22.
Bf4 Na3 23. Rb2 Nxe4 0-1

[Event "Challenge"]
[Site "http://www.queenalice.com/game.php?id=133350"]
[Date "2006.11.25"]
[Round "-"]
[White "edermachado"]
[Black "Prizinha"]
[Result "1-0"]
[WhiteElo "1220"]
[BlackElo "1323"]

1. e3 d5 2. d3 e5 3. Be2 c6 4. Bd2 Bd6 5. g4 f6 6. Na3 g5 7. Nh3 b5 8. O-O Na6
9. Bc3 b4 10. Bd2 Rb8 11. Rc1 h6 12. Nb1 Ne7 13. a3 c5 14. axb4 cxb4 15. c3 Ng6
16. cxb4 Nc7 17. Na3 Rh7 18. Qa4+ Bd7 19. Qxa7 Na8 20. Qa6 Nb6 21. f4 Be6 22. f5
Bc8 23. Qb5+ 1-0

[Event "Challenge"]
[Site "http://www.queenalice.com/game.php?id=133771"]
[Date "2006.11.25"]
[Round "-"]
[White "Casemiro"]
[Black "Prizinha"]
[Result "1-0"]
[WhiteElo "1624"]
[BlackElo "1330"]

1. e4 e5 2. c3 c5 3. Nf3 d6 4. Bc4 Bd7 5. O-O Nf6 6. d3 b5 7. Bd5 Nxd5 8. exd5
f6 9. Na3 a6 10. c4 g5 11. g4 Bxg4 12. cxb5 f5 13. Qa4 Bxf3 14. b6+ Nd7 15. b7
Rb8 16. Qxa6 Nf6 17. Bxg5 Rg8 18. h4 Nxd5 19. Qc6+ Kf7 20. Kh2 Be7 21. Kg3 1-0

[Event "Challenge"]
[Site "http://www.queenalice.com/game.php?id=136663"]
[Date "2006.12.3"]
[Round "-"]
[White "Prizinha"]
[Black "AAmorim"]
[Result "0-1"]
[WhiteElo "1326"]
[BlackElo "1630"]

1. e4 e5 2. d3 d6 3. Be3 Nc6 4. Nc3 Nf6 5. Nd5 Bg4 6. Be2 Bxe2 7. Nxe2 Nb4 8. a3
Nbxd5 9. exd5 Nxd5 10. Bd2 Qd7 11. c4 Nb6 12. b3 O-O-O 13. Nc3 d5 14. Be3 d4 15.
Bd2 dxc3 16. Bxc3 Qxd3 17. Qg4+ Rd7 18. Bxe5 Bd6 19. Rd1 Qg6 20. Qh3 Bxe5 21.
O-O f5 22. Rfe1 Rxd1 23. Rxd1 Qg5 24. Qf3 Rd8 25. c5 Rxd1+ 26. Qxd1 Bd4 27. Qxd4
Qc1+ 28. Qd1 Qxd1# 0-1

[Event "Challenge"]
[Site "http://www.queenalice.com/game.php?id=139287"]
[Date "2006.12.10"]
[Round "-"]
[White "Prizinha"]
[Black "gotinha"]
[Result "0-1"]
[WhiteElo "1303"]
[BlackElo "1544"]

1. e4 b6 2. d4 Bb7 3. f3 d6 4. c3 g6 5. g4 Nd7 6. Bc4 Bg7 7. Be3 e6 8. b4 Ngf6
9. Nh3 Qe7 10. a4 d5 11. Bb5 O-O-O 12. g5 Ne8 13. Nd2 e5 14. Nb3 exd4 15. cxd4
dxe4 16. Rf1 exf3 17. Rc1 Qxe3+ 18. Be2 Qxe2+ 19. Qxe2 fxe2 20. Kxe2 h6 21. Rxf7
Rf8 0-1